| 000 | 02507nam a2200301 a 4500 | ||
|---|---|---|---|
| 001 | 000738821 | ||
| 003 | AM-YeHGA | ||
| 005 | 20250617143319.0 | ||
| 008 | 100526s2009 au r 000 0 eng d | ||
| 040 | _aAM-YeHGA | ||
| 041 | 0 | _aeng | |
| 100 | 1 |
_aDotson, Brandon, _d1978- |
|
| 245 | 1 | 4 |
_aThe Old Tibetan annals : _bAn annotated translation of Tibet's first history / _cBrandon Dotson ; With an annotated cartographical documentation by Guntram Hazod. |
| 260 |
_aWien : _bVerlag der Osterreichischen Akademie der Wissenschaften, _c2009. |
||
| 300 |
_avi, 319 p. : _bill. : aps. ; _c30 cm. |
||
| 440 | 0 |
_aVeroffentlichungen zur Sozialanthropologie ; _vBd. 12 |
|
| 490 | 1 |
_aDenkschriften/ Osterreichische Akademie der Wissenschaften. Philosophisch-Historische Klasse ; _vBd. 381 |
|
| 500 | _aIncludes Tibetan text and English translation of the Old Tibetan annals, version I (PT 1288, IOL Tib J 750) and version II (OR8212 (187) | ||
| 504 | _aIncludes bibliogr. references : (p. 270-286) and indexes | ||
| 505 | 0 | _aIntroduction. Introducing the Old Tibetan annals ; Succession and marriage and the Tibetan royal line ; Historical geography and the Old Tibetan annals ; Administration and administrators in the Old Tibetan annals ; Class and rank in the Tibetan Empire ; Linguistic and orthographic features of the Old Tibetan annals - The old Tibetan annals. The Old Tibetan annals, version I : PT 1288, IOL Tib J 750 ; The Old Tibetan annals, version II : OR 8212 (187) -Appendices. Appendix one : annalistic entries in other documents ; Appendix two : the royal succession ; Appendix three : the sack of the Chinese capital in the Old Tibetan chronicle and the Zhol Pillar ; Appendix four : The "Succession of chief ministers" in the Old Tibetan chronicle ; Appendix five : the regimes of Khri Srong-Ide-btsan, Khri Lde-srong-btsan, and Khri Gtsug-Ide-btsan based on their edicts - Imperical central Tibet. An annotated cartographical survey of its territorial divisions and key political sites / Guntram Hazod - Table and glossary. Table of royal residences, council sites, foreign visits, and "Royal events" ; Glossary | |
| 630 | 0 | 4 | _aOld Tibetan Annals |
| 651 | 4 |
_aTibet (China) _xHistory _vSources |
|
| 651 | 4 |
_aTibet (China) _xHistorical geography _vSources |
|
| 700 | 1 |
_aHazod, Guntram. _4ann |
|
| 710 | 2 | _aOsterreichische Akademie der Wissenschaften | |
| 830 | 0 |
_aDenkschriften/ Osterreichische Akademie der Wissenschaften _pPhilosophisch-Historische Klasse ; _vBd. 381 |
|
| 090 | _c274812 | ||
| 999 |
_c273169 _d273169 |
||